Strojové učenie ako srdce umelej inteligencie pre investora
Využitie umelej inteligencie a strojového učenia pri riešení investičných modelov. Definícia strojového učenia (Machine learning). Model ARIMA (Auto-Regressive Integrated Moving Averages) - technika pre analýzu finančných trhov. Modely SVM (Support Vector Machines). Pamäťové siete Reccurrent Neural...
Gespeichert in:
| 1. Verfasser: | |
|---|---|
| Format: | Buchkapitel |
| Sprache: | Slowakisch |
| Schlagworte: | |
| Tags: |
Keine Tags, Fügen Sie das erste Tag hinzu!
|
MARC
| LEADER | 00000naa a2200000 4500 | ||
|---|---|---|---|
| 001 | 0283254 | ||
| 005 | 20260205074126.6 | ||
| 041 | 0 | |a slo | |
| 044 | |a SK | ||
| 245 | 1 | 0 | |a Strojové učenie ako srdce umelej inteligencie pre investora |c Milan Cibuľa |
| 520 | |a Využitie umelej inteligencie a strojového učenia pri riešení investičných modelov. Definícia strojového učenia (Machine learning). Model ARIMA (Auto-Regressive Integrated Moving Averages) - technika pre analýzu finančných trhov. Modely SVM (Support Vector Machines). Pamäťové siete Reccurrent Neural Networks (RNN) a Long Short-Term Memory (LSTM). | ||
| 610 | 2 | 0 | |a inteligencia umelá |
| 610 | 2 | 0 | |a učenie strojové |
| 610 | 2 | 0 | |a technológie informačné |
| 610 | 2 | 0 | |a investovanie |
| 610 | 2 | 0 | |a inovácie technologické |
| 610 | 2 | 0 | |a modely investícií |
| 100 | 1 | |a Cibuľa, Milan, 1995- | |